[Event "Sydney International Open"]
[Site "Parramatta, NSW"]
[Date "2009.04.19"]
[Round "9.33"]
[White "Voon, Richard"]
[Black "Smirnov, Anton"]
[Result "0-1"]
[WhiteElo "2006"]
[BlackElo "1495"]
[Annotator "drug"]
[PlyCount "104"]
[EventDate "2009.04.15"]
[EventType "swiss"]
[EventRounds "9"]
[EventCountry "AUS"]
[SourceDate "2009.04.15"]

1. c4 e5 2. Nc3 Bb4 3. Nf3 Bxc3 4. dxc3 Nc6 5. g3 d6 6. Bg2 f5 7. e4 fxe4 8.
Ng5 Nf6 9. Nxe4 Nxe4 10. Bxe4 O-O 11. O-O Qf6 12. Bg2 Be6 13. b3 a5 14. a4 Kh8
15. Be3 Rad8 16. Qd2 h6 17. Rad1 Ne7 18. Qe2 d5 19. cxd5 Bxd5 20. c4 Bxg2 21.
Kxg2 Qc6+ 22. f3 Nf5 23. Rd3 e4 24. Rxd8 Rxd8 25. Bg1 e3 26. Rd1 Rxd1 27. Qxd1
Qf6 28. Qc2 Qe6 29. Qe4 Qxe4 30. fxe4 e2 31. Kf2 (31. Bf2 Nd4 32. Be1 Nxb3 33.
Kf2 b6 34. Kxe2 Nc5) 31... Nd4 32. Ke1 Nf3+ 33. Kxe2 Nxg1+ 34. Ke3 Kg8 35. h4
g5 36. hxg5 hxg5 37. Kf2 Nh3+ 38. Kf3 Kf7 39. Kg4 Nf2+ 40. Kf5 g4 41. e5 Nd3
42. Kxg4 Nxe5+ 43. Kf5 Nd3 44. Ke4 Nc5+ 45. Kd5 Nxb3 46. c5 Ke7 47. Kc4 Nd2+
48. Kb5 Ne4 49. g4 Ke6 50. Kxa5 Nxc5 51. Kb5 Nxa4 52. Kxa4 Kf6 0-1

[Event "Sydney International Open"]
[Site "Parramatta, NSW"]
[Date "2009.04.19"]
[Round "9.35"]
[White "Tan, Kevin"]
[Black "Stojic, Svetozar"]
[Result "0-1"]
[WhiteElo "1956"]
[BlackElo "1989"]
[PlyCount "100"]
[EventDate "2009.04.15"]
[EventType "swiss"]
[EventRounds "9"]
[EventCountry "AUS"]
[SourceDate "2009.04.15"]

1. e4 c5 2. Nf3 Nf6 3. e5 Nd5 4. Nc3 e6 5. Be2 d6 6. O-O Nc6 7. Bb5 Nxc3 8.
bxc3 d5 9. c4 d4 10. d3 Bd7 11. Qe2 a6 12. Bxc6 Bxc6 13. a4 Be7 14. Bd2 g5 15.
Be1 Qc7 16. Nd2 O-O-O 17. Nb3 h5 18. Na5 Rdg8 19. Nxc6 Qxc6 20. Bd2 h4 21. Rfb1
g4 22. Re1 g3 23. fxg3 hxg3 24. h3 Bg5 25. Bxg5 Rxg5 26. Qe4 Qc7 27. Re2 Rhh5
28. Qf4 Rxe5 29. Rxe5 Qxe5 30. Qxf7 Rf5 31. Qe8+ Kc7 32. Qe7+ Kb8 33. Rb1 Qc7
34. Qxe6 Rf2 35. Re1 Rxc2 36. h4 Qf4 37. Qe4 Qxe4 38. dxe4 d3 39. Kf1 Rxc4 40.
Rd1 Rd4 41. h5 c4 42. h6 Rxe4 43. h7 Rh4 44. Ke1 Rxh7 45. Kd2 b5 46. axb5 axb5
47. Ke3 Kc7 48. Kf3 Rg7 49. Rb1 Kc6 50. Ra1 Kc5 0-1

[Event "Sydney International Open"]
[Site "Parramatta, NSW"]
[Date "2009.04.19"]
[Round "9.36"]
[White "Lee, Bryan"]
[Black "Milligan, Helen"]
[Result "1-0"]
[WhiteElo "1918"]
[BlackElo "1985"]
[PlyCount "51"]
[EventDate "2009.04.15"]
[EventType "swiss"]
[EventRounds "9"]
[EventCountry "AUS"]
[SourceDate "2009.04.15"]

1. e4 e5 2. Nf3 Nc6 3. Bc4 Nf6 4. Ng5 d5 5. exd5 Na5 6. Bb5+ c6 7. dxc6 bxc6 8.
Be2 h6 9. Nf3 e4 10. Ne5 Bd6 11. d4 exd3 12. Nxd3 Qc7 13. h3 O-O 14. O-O c5 15.
b3 Ba6 16. c4 Rad8 17. Bb2 Ne4 18. Nc3 Nxc3 19. Bxc3 Nc6 20. Re1 Rfe8 21. Qc2
Bc8 22. Qb2 Bh2+ 23. Kh1 Nd4 24. Bf1 Be5 25. Nxe5 Rxe5 26. Ba5 1-0

[Event "Sydney International Open"]
[Site "Parramatta, NSW"]
[Date "2009.04.19"]
[Round "9.37"]
[White "Muller, Jonas"]
[Black "Ruan, Jack"]
[Result "1/2-1/2"]
[WhiteElo "1981"]
[BlackElo "1886"]
[PlyCount "52"]
[EventDate "2009.04.15"]
[EventType "swiss"]
[EventRounds "9"]
[EventCountry "AUS"]
[SourceDate "2009.04.15"]

1. e4 c5 2. Nf3 Nc6 3. d4 cxd4 4. Nxd4 Nf6 5. Nc3 e5 6. Ndb5 d6 7. Bg5 a6 8.
Na3 b5 9. Nd5 Be7 10. Bxf6 Bxf6 11. c3 Bg5 12. Nc2 Ne7 13. Ncb4 O-O 14. Nxe7+
Qxe7 15. Nd5 Qb7 16. Qb3 Be6 17. Be2 Bxd5 18. Qxd5 Qxd5 19. exd5 Rab8 20. O-O
a5 21. Rfb1 Rfc8 22. a4 b4 23. Ba6 Rc5 24. c4 Bd8 25. b3 Bb6 26. Rd1 Rc7
1/2-1/2

[Event "Sydney International Open"]
[Site "Parramatta, NSW"]
[Date "2009.04.19"]
[Round "9.38"]
[White "Zulfic, Fedja"]
[Black "Encel, Benjamin"]
[Result "1/2-1/2"]
[WhiteElo "1971"]
[BlackElo "1838"]
[PlyCount "40"]
[EventDate "2009.04.15"]
[EventType "swiss"]
[EventRounds "9"]
[EventCountry "AUS"]
[SourceDate "2009.04.15"]

1. d4 d5 2. c4 e6 3. Nf3 Nf6 4. e3 c5 5. a3 cxd4 6. exd4 a6 7. Nbd2 Nc6 8. Be2
g5 9. cxd5 Nxd5 10. O-O g4 11. Ne5 f5 12. Ndc4 Nxe5 13. Nxe5 Bd6 14. Qa4+ Bd7
15. Qxd7+ Qxd7 16. Nxd7 Kxd7 17. Bd2 Rac8 18. Rac1 {White offered a draw.} h5
19. Rxc8 Rxc8 20. Rc1 Rxc1+ 1/2-1/2

[Event "Sydney International Open"]
[Site "Parramatta, NSW"]
[Date "2009.04.19"]
[Round "9.39"]
[White "Forster, Bill"]
[Black "Jule, Sebastian"]
[Result "1-0"]
[WhiteElo "1963"]
[BlackElo "1847"]
[PlyCount "35"]
[EventDate "2009.04.15"]
[EventType "swiss"]
[EventRounds "9"]
[EventCountry "AUS"]
[SourceDate "2009.04.15"]

1. e4 d5 2. exd5 Qxd5 3. Nf3 Nf6 4. d4 Bg4 5. Be2 e6 6. O-O Nc6 7. c4 Qd7 8.
Be3 O-O-O 9. Qb3 Rg8 10. Rd1 g5 11. Na3 Bxf3 12. Bxf3 g4 13. Be2 h5 14. Rac1 h4
15. Nb5 g3 16. Bf3 gxh2+ 17. Kh1 b6 18. Bxc6 1-0

[Event "Sydney International Open"]
[Site "Parramatta, NSW"]
[Date "2009.04.19"]
[Round "9.40"]
[White "Ousmand, Vineths"]
[Black "Selnes, Hamish"]
[Result "0-1"]
[WhiteElo "1331"]
[BlackElo "1921"]
[PlyCount "80"]
[EventDate "2009.04.15"]
[EventType "swiss"]
[EventRounds "9"]
[EventCountry "AUS"]
[SourceDate "2009.04.15"]

1. d4 e6 2. Nf3 f5 3. c4 Nf6 4. Nc3 c6 5. Bf4 d5 6. e3 Be7 7. Ne5 O-O 8. Bd3
Ne4 9. O-O Nd7 10. f3 Nxe5 11. Bxe5 Nd6 12. c5 Nf7 13. f4 Nxe5 14. fxe5 Bg5 15.
Qf3 b6 16. Na4 b5 17. Nc3 a5 18. Rae1 b4 19. Na4 Ba6 20. Bxa6 Rxa6 21. Nb6 Ra7
22. Qd1 Qb8 23. g4 Bh4 24. Re2 fxg4 25. Rf4 Raf7 26. Rxg4 Bd8 27. Na4 Qb5 28.
b3 h6 29. Re1 Bg5 30. Qe2 Rf1+ 31. Kg2 Rxe1 32. Qxe1 Qd3 33. h4 Bxe3 34. Rg3
Qe4+ 35. Kh3 Qf5+ 36. Kg2 Bf2 37. Qf1 Qe4+ 38. Kh3 Bxg3 39. Qd1 Qxh4+ 40. Kg2
Qh2# 0-1

[Event "Sydney International Open"]
[Site "Parramatta, NSW"]
[Date "2009.04.19"]
[Round "9.41"]
[White "Anton, Sarah"]
[Black "Rosario, Amiel"]
[Result "1-0"]
[WhiteElo "1718"]
[BlackElo "1969"]
[PlyCount "91"]
[EventDate "2009.04.15"]
[EventType "swiss"]
[EventRounds "9"]
[EventCountry "AUS"]
[SourceDate "2009.04.15"]

1. e4 c5 2. Nf3 d6 3. d4 cxd4 4. Nxd4 Nf6 5. Nc3 a6 6. Be3 e5 7. Nb3 Be6 8. f3
Nbd7 9. Qd2 h5 10. O-O-O Rc8 11. Kb1 b5 12. h4 Be7 13. Be2 Nb6 14. Rhg1 b4 15.
Nd5 Nfxd5 16. exd5 Bf5 17. Bd3 Nc4 18. Qe2 Bxd3 19. Rxd3 Nxe3 20. Rxe3 Qb6 21.
Rh1 a5 22. f4 a4 23. Nc1 Bf6 24. fxe5 Bxe5 25. Nd3 b3 26. axb3 axb3 27. cxb3
O-O 28. Nxe5 dxe5 29. Rd1 Rfd8 30. d6 Rxd6 31. Rxd6 Qxd6 32. Rxe5 Qg6+ 33. Qe4
Qg3 34. Rxh5 g6 35. Rb5 Kf8 36. Qb4+ Kg7 37. Qd4+ Kh7 38. Qe4 Rd8 39. h5 Rd1+
40. Ka2 Re1 41. hxg6+ fxg6 42. Rh5+ Kg7 43. Qd4+ Kf7 44. Rh7+ Ke6 45. Qd7+ Kf6
46. Qd8+ 1-0

[Event "Sydney International Open"]
[Site "Parramatta, NSW"]
[Date "2009.04.19"]
[Round "9.42"]
[White "Ruan, Harry"]
[Black "Wang, Oscar"]
[Result "1-0"]
[WhiteElo "1815"]
[BlackElo "1910"]
[PlyCount "47"]
[EventDate "2009.04.15"]
[EventType "swiss"]
[EventRounds "9"]
[EventCountry "AUS"]
[SourceDate "2009.04.15"]

1. e4 c5 2. c3 d6 3. d4 cxd4 4. cxd4 g6 5. Nc3 Bg7 6. Be3 Nf6 7. f3 Nbd7 8. Bd3
O-O 9. Nge2 b6 10. Qd2 Bb7 11. g4 e5 12. d5 Nc5 13. Bc2 a6 14. h4 b5 15. Ng3
Ncd7 16. h5 Ne8 17. hxg6 hxg6 18. Qh2 f6 19. Qh7+ Kf7 20. Rh6 Rh8 21. Qxg6+ Kg8
22. Rxh8+ Kxh8 23. Qf7 Nf8 24. Nf5 1-0

[Event "Sydney International Open"]
[Site "Parramatta, NSW"]
[Date "2009.04.19"]
[Round "9.43"]
[White "Guo, Emma"]
[Black "Yu, Sally"]
[Result "1-0"]
[WhiteElo "1845"]
[BlackElo "1819"]
[PlyCount "49"]
[EventDate "2009.04.15"]
[EventType "swiss"]
[EventRounds "9"]
[EventCountry "AUS"]
[SourceDate "2009.04.15"]

1. d4 d5 2. Nf3 Nf6 3. e3 c5 4. c3 Nc6 5. Bd3 e6 6. O-O Bd6 7. Nbd2 b6 8. Re1
O-O 9. e4 Bb8 10. e5 Nd7 11. Nf1 h6 12. Be3 f6 13. exf6 Qxf6 14. Ng3 e5 15.
dxe5 Ncxe5 16. Nxe5 Nxe5 17. Bb1 Be6 18. Qc2 g6 19. Bxh6 Rf7 20. f4 Bf5 21.
Nxf5 gxf5 22. Bg5 Qg6 23. Qd2 Nc6 24. Qxd5 Bxf4 25. Bxf4 1-0

[Event "Sydney International Open"]
[Site "Parramatta, NSW"]
[Date "2009.04.19"]
[Round "9.44"]
[White "Barisic, Frank"]
[Black "Rachmadi, Herman"]
[Result "1-0"]
[WhiteElo "1615"]
[BlackElo "1842"]
[PlyCount "94"]
[EventDate "2009.04.15"]
[EventType "swiss"]
[EventRounds "9"]
[EventCountry "AUS"]
[SourceDate "2009.04.15"]

1. e4 c5 2. Nf3 d6 3. d4 Bg4 4. Be2 d5 5. Nc3 Nc6 6. exd5 Nb4 7. dxc5 Nf6 8. h3
Bh5 9. Bb5+ Nd7 10. a3 Bxf3 11. gxf3 a6 12. Bxd7+ Qxd7 13. axb4 g6 14. Qd4 Rg8
15. Be3 Bg7 16. Qd3 O-O-O 17. b5 Bxc3+ 18. bxc3 Qxb5 19. Qxb5 axb5 20. Ra8+ Kd7
21. Ra5 Ra8 22. Rxa8 Rxa8 23. O-O e6 24. Rd1 e5 25. Rb1 Ra5 26. c4 f5 27. Rxb5
Ra1+ 28. Kg2 f4 29. Bd2 Ra2 30. Rxb7+ Kc8 31. Ba5 Rxc2 32. Rxh7 Rxc4 33. Bb6 g5
34. d6 Rd4 35. Re7 Rd5 36. Rg7 Rd4 37. Rxg5 Kd7 38. Rxe5 Ra4 39. h4 Ra8 40.
Re7+ Kc6 41. Rf7 Rg8+ 42. Kh3 Rg1 43. d7 Rh1+ 44. Kg2 Rd1 45. d8=Q Rxd8 46.
Bxd8 Kxc5 47. Rd7 Kc6 1-0

[Event "Sydney International Open"]
[Site "Parramatta, NSW"]
[Date "2009.04.19"]
[Round "9.45"]
[White "Ousmand, Nizami"]
[Black "Wan, Kinto"]
[Result "1-0"]
[WhiteElo "1575"]
[BlackElo "1402"]
[PlyCount "107"]
[EventDate "2009.04.15"]
[EventType "swiss"]
[EventRounds "9"]
[EventCountry "AUS"]
[SourceDate "2009.04.15"]

1. d4 Nf6 2. c4 e5 3. d5 Bc5 4. Nc3 d6 5. Nf3 Ng4 6. e3 f5 7. h3 Nf6 8. Be2 O-O
9. O-O Bd7 10. a3 a5 11. Qb3 b6 12. Qd1 Qe8 13. b3 Qg6 14. Nh4 Qh6 15. Nf3 Qg6
16. Kh1 Qh6 17. Nh2 Be8 18. Rb1 Na6 19. Na2 Nb8 20. Qc2 b5 21. cxb5 Bg6 22. e4
f4 23. Bf3 Nbd7 24. Nc3 Kh8 25. Bb2 Nb6 26. Qd2 Bd4 27. Rbe1 Bh5 28. Nb1 Bxb2
29. Qxb2 Bxf3 30. Nxf3 g5 31. Kg1 Rg8 32. Nh2 Qg6 33. f3 h5 34. Rf2 g4 35. hxg4
hxg4 36. fxg4 Nxe4 37. Rxf4 Nc5 38. Rf5 Nd3 39. Qd2 Nf4 40. Nc3 Nc8 41. Ne4 Ne7
42. Rg5 Qf7 43. Qf2 Neg6 44. Rf5 Qxd5 45. Nf6 Qxg2+ 46. Qxg2 Nxg2 47. Kxg2 Nh4+
48. Kf2 Nxf5 49. Nxg8 Nd4 50. Ne7 Nxb5 51. Nf3 Nxa3 52. g5 Kg7 53. Nh4 Rb8 54.
Nhf5+ 1-0

[Event "Sydney International Open"]
[Site "Parramatta, NSW"]
[Date "2009.04.19"]
[Round "9.46"]
[White "Brockman, Roland"]
[Black "Zamahari, Abang Draup"]
[Result "1-0"]
[WhiteElo "1764"]
[BlackElo "1636"]
[PlyCount "107"]
[EventDate "2009.04.15"]
[EventType "swiss"]
[EventRounds "9"]
[EventCountry "AUS"]
[SourceDate "2009.04.15"]

1. d4 e6 2. Nf3 d5 3. e3 Nf6 4. Bd3 g6 5. Nbd2 Bg7 6. O-O O-O 7. Ne5 Nbd7 8. f4
Nxe5 9. fxe5 Ne8 10. Nf3 f5 11. h4 h5 12. b3 Bh6 13. Qe2 Rf7 14. g3 Rg7 15. Kf2
c6 16. a4 a5 17. Ba3 b6 18. Ne1 Raa7 19. Ng2 Raf7 20. Nf4 Kh7 21. Ke1 Rg8 22.
Kd2 Qd7 23. Rh1 Rfg7 24. Rag1 Kh8 25. Rg2 Qf7 26. Rf2 Rh7 27. Nh3 Qc7 28. Kc1
Bf8 29. Bxf8 Rxf8 30. Ng5 Rg7 31. g4 Rgg8 32. gxh5 Qg7 33. hxg6 Qxg6 34. Rg2
Qh6 35. Rhg1 Rg7 36. Qf2 Qh5 37. Kb2 Qh6 38. h5 Bd7 39. Be2 Nc7 40. Nh3 Rxg2
41. Rxg2 Be8 42. Nf4 Rf7 43. Qh4 Qh7 44. Rg6 Bd7 45. Rf6 Rxf6 46. Qxf6+ Kg8 47.
Qd8+ Ne8 48. Nxe6 Bxe6 49. Qxe8+ Kg7 50. Qxe6 Kh8 51. Qf6+ Qg7 52. Kc3 b5 53.
axb5 cxb5 54. Bxb5 1-0

[Event "Sydney International Open"]
[Site "Parramatta, NSW"]
[Date "2009.04.19"]
[Round "9.47"]
[White "Draup, Hj Abang Azman"]
[Black "Lau, Joshua"]
[Result "0-1"]
[WhiteElo "1725"]
[BlackElo "1862"]
[PlyCount "92"]
[EventDate "2009.04.15"]
[EventType "swiss"]
[EventRounds "9"]
[EventCountry "AUS"]
[SourceDate "2009.04.15"]

1. d4 d5 2. Nf3 Bg4 3. e3 Nf6 4. Bd3 Nbd7 5. c4 c6 6. Nbd2 e5 7. dxe5 Nxe5 8.
Qc2 Bd6 9. Nxe5 Bxe5 10. Rb1 O-O 11. O-O h6 12. f4 Bc7 13. Nf3 Re8 14. Bd2 dxc4
15. Bxc4 Nd5 16. Rbe1 Bb6 17. Ne5 Bc8 18. Kh1 Re7 19. Rf3 Bc7 20. Bc3 Nxc3 21.
Qxc3 Bxe5 22. fxe5 Be6 23. Ref1 Bxc4 24. Qxc4 Qd7 25. Qd4 Qe6 26. Qd6 Rf8 27.
Rd1 Qxe5 28. Qxe5 Rxe5 29. Rd7 Rd5 30. Rxd5 cxd5 31. Kg1 Rc8 32. Rf2 Rc1+ 33.
Rf1 Rxf1+ 34. Kxf1 Kf8 35. Ke2 Ke7 36. Kd3 Ke6 37. Kd4 Kd6 38. g4 g6 39. h4 f6
40. b4 b6 41. a4 Ke6 42. Kc3 Ke5 43. b5 Ke4 44. Kd2 d4 45. exd4 Kxd4 46. Ke2
Ke4 0-1

[Event "Sydney International Challengers"]
[Site "Parramatta, NSW"]
[Date "2009.04.15"]
[Round "1.1"]
[White "Eustace, Sophie"]
[Black "Savige, Colin"]
[Result "0-1"]
[WhiteElo "1419"]
[BlackElo "1999"]
[PlyCount "108"]
[EventDate "2009.04.15"]
[EventType "swiss"]
[EventRounds "9"]
[EventCountry "AUS"]
[SourceDate "2009.04.15"]

1. e4 c5 2. Nf3 Nc6 3. d4 cxd4 4. Nxd4 Nf6 5. Nc3 e6 6. a3 a6 7. Be3 Qc7 8. Be2
Be7 9. Qd2 d6 10. f4 Na5 11. O-O b6 12. Bf3 Nc4 13. Qc1 Nxe3 14. Qxe3 Bb7 15.
Kh1 O-O 16. Rac1 Rac8 17. Rfd1 Rfe8 18. h3 Qb8 19. a4 Qa8 20. e5 Nd7 21. exd6
Bxd6 22. Bxb7 Qxb7 23. Ne4 Be7 24. c3 Nc5 25. Nxc5 bxc5 26. Nf3 Qxb2 27. Rb1
Qc2 28. Re1 Rcd8 29. Rec1 Qd3 30. Qxd3 Rxd3 31. Ne5 Re3 32. c4 Re4 33. g3 Bf6
34. Re1 Bxe5 35. fxe5 Rxc4 36. Rbc1 Rxc1 37. Rxc1 Rc8 38. Kg2 Kf8 39. Kf3 Ke7
40. Ke4 c4 41. Rc3 Kd7 42. Kd4 Rc6 43. Rxc4 Rxc4+ 44. Kxc4 Kc6 45. g4 f6 46.
Kd4 fxe5+ 47. Kxe5 Kd7 48. h4 h6 49. g5 hxg5 50. hxg5 a5 51. Kf4 Kd6 52. Ke4 g6
53. Kd4 e5+ 54. Ke4 Ke6 0-1

[Event "Sydney International Challengers"]
[Site "Parramatta, NSW"]
[Date "2009.04.15"]
[Round "1.3"]
[White "Harris, Bruce"]
[Black "Glissan, Paul"]
[Result "1-0"]
[WhiteElo "1411"]
[BlackElo "1947"]
[PlyCount "133"]
[EventDate "2009.04.15"]
[EventType "swiss"]
[EventRounds "9"]
[EventCountry "AUS"]
[SourceDate "2009.04.15"]

1. e4 e5 2. Nf3 Nc6 3. Bb5 a6 4. Ba4 Nf6 5. O-O b5 6. Bb3 Bb7 7. d3 Bc5 8. c3
d6 9. Bg5 h6 10. Be3 O-O 11. Qe2 Qe7 12. Bxc5 dxc5 13. Nbd2 Kh7 14. Rfe1 Rad8
15. Nf1 g6 16. Ng3 Rd7 17. h3 Nd8 18. Qe3 Re8 19. Bc2 Qd6 20. Rad1 Ne6 21. a4
c6 22. b3 Bc8 23. Nh2 Red8 24. Ng4 Nxg4 25. hxg4 Qe7 26. f3 Kg7 27. Kf2 Nf4 28.
Rh1 Rh8 29. Ne2 Nxe2 30. Kxe2 bxa4 31. bxa4 g5 32. Rb1 Rb7 33. Rxb7 Bxb7 34.
Bb3 Rb8 35. Rb1 Bc8 36. Ba2 Rxb1 37. Bxb1 Be6 38. c4 Qd6 39. Bc2 Qd4 40. Qc1
Qc3 41. Qb1 Qb4 42. Qa1 f6 43. a5 Kg6 44. Qa4 Bd7 45. Qa1 Kg7 46. Qb1 Be8 47.
Qxb4 cxb4 48. c5 h5 49. gxh5 Bxh5 50. Ba4 Be8 51. g4 Kf8 52. Kd2 Ke7 53. Kc2
Kd8 54. Kb3 Kc7 55. Kxb4 Bf7 56. Kc3 Be6 57. d4 exd4+ 58. Kxd4 Ba2 59. Bc2 Kd7
60. e5 fxe5+ 61. Kxe5 Bd5 62. Bd1 Be6 63. Be2 Bd5 64. Kf5 Ke7 65. Kxg5 Kf7 66.
Bxa6 Bxf3 67. Bc4+ 1-0

[Event "Sydney International Challengers"]
[Site "Parramatta, NSW"]
[Date "2009.04.15"]
[Round "1.4"]
[White "Canfell, Mike"]
[Black "Deen-Cowell, Nicholas"]
[Result "0-1"]
[WhiteElo "1932"]
[BlackElo "1408"]
[PlyCount "86"]
[EventDate "2009.04.15"]
[EventType "swiss"]
[EventRounds "9"]
[EventCountry "AUS"]
[SourceDate "2009.04.15"]

1. e4 c5 2. Nf3 d6 3. d4 Nf6 4. Nc3 cxd4 5. Nxd4 a6 6. f3 e5 7. Nb3 Be6 8. Be3
h5 9. Qd2 Nbd7 10. O-O-O Qc7 11. Kb1 b5 12. Qf2 Rc8 13. h3 Be7 14. Bd3 Nc5 15.
g4 Nxd3 16. cxd3 Nd7 17. gxh5 Rxh5 18. Qg2 g6 19. Rc1 Nc5 20. Nxc5 dxc5 21. Ne2
Qd7 22. Rcd1 Rxh3 23. Rxh3 Bxh3 24. Qg3 Bf6 25. Kc2 Be6 26. f4 exf4 27. Nxf4 b4
28. b3 Bd4 29. Bc1 Be5 30. Qe3 Qd4 31. Qxd4 cxd4+ 32. Kb2 Bg4 33. Rh1 Rxc1 34.
Rxc1 Bxf4 35. Rc6 Be2 36. Kc2 g5 37. Rxa6 g4 38. a4 g3 39. Ra8+ Ke7 40. Rg8 Bc7
41. Kd2 Bh5 42. Ke1 Bf3 43. Kf1 Bd1 0-1

[Event "Sydney International Challengers"]
[Site "Parramatta, NSW"]
[Date "2009.04.15"]
[Round "1.5"]
[White "Weltner, Michael"]
[Black "Escalante, Lorenzo"]
[Result "1/2-1/2"]
[WhiteElo "1391"]
[BlackElo "1891"]
[PlyCount "135"]
[EventDate "2009.04.15"]
[EventType "swiss"]
[EventRounds "9"]
[EventCountry "AUS"]
[SourceDate "2009.04.15"]

1. e4 e5 2. Nf3 Nc6 3. Bb5 a6 4. Ba4 Nf6 5. d3 h6 6. c3 d6 7. h3 Be7 8. Be3 O-O
9. Nbd2 Bd7 10. O-O Nh7 11. d4 Bg5 12. d5 Ne7 13. Nxg5 Nxg5 14. Bxg5 hxg5 15.
Bxd7 Qxd7 16. Qh5 f6 17. c4 Rf7 18. Rfc1 b6 19. Nf1 g6 20. Qe2 f5 21. Rc3 f4
22. Nh2 Kg7 23. Ng4 Ng8 24. a3 a5 25. Rac1 Nf6 26. Nh2 Raf8 27. b4 axb4 28.
axb4 Qa4 29. b5 Qb4 30. Nf3 Nh7 31. Qa2 Kh6 32. Nd2 Nf6 33. Qa3 Qc5 34. Qxc5
bxc5 35. Ra1 g4 36. hxg4 Nxg4 37. f3 Nf6 38. Rca3 g5 39. Ra8 Nd7 40. R1a7 Rxa8
41. Rxa8 Nb6 42. Rh8+ Kg6 43. Kf1 Rg7 44. g4 Rh7 45. Rxh7 Kxh7 46. Ke2 Kg7 47.
Kd3 Kf7 48. Nb3 Na4 49. Kc2 Ke7 50. Na5 Kd7 51. Nc6 Nb6 52. Kb3 Ke8 53. Nb8 Nd7
54. Nc6 Nf6 55. Kc2 Kd7 56. Kd2 Nh7 57. Ke2 Nf8 58. Kd3 Ng6 59. Ke2 Ne7 60. Kd3
Nxc6 61. dxc6+ Kc8 62. Kc3 Kb8 63. Kb3 Ka7 64. Ka3 Kb8 65. Ka4 Ka8 66. Kb3 Ka7
67. Ka3 Kb6 68. Ka4 1/2-1/2

[Event "Sydney International Challengers"]
[Site "Parramatta, NSW"]
[Date "2009.04.15"]
[Round "1.6"]
[White "Hvistendahl, Robert"]
[Black "Setiabudi, Megan"]
[Result "0-1"]
[WhiteElo "1888"]
[BlackElo "1382"]
[PlyCount "102"]
[EventDate "2009.04.15"]
[EventType "swiss"]
[EventRounds "9"]
[EventCountry "AUS"]
[SourceDate "2009.04.15"]

1. e4 c5 2. Nf3 e6 3. b3 a6 4. Bb2 Nc6 5. g3 d6 6. Bg2 Nf6 7. d3 Be7 8. Nbd2
Qc7 9. a4 b6 10. O-O Bb7 11. Nc4 O-O 12. e5 dxe5 13. Nfxe5 Nd5 14. Qg4 Bf6 15.
Bxd5 exd5 16. Nd7 Bxb2 17. Nxb2 f5 18. Qf4 Qxd7 19. c3 Rae8 20. Rae1 Na5 21. b4
Nc6 22. bxc5 bxc5 23. d4 Re4 24. Rxe4 fxe4 25. Qd2 cxd4 26. cxd4 Qd6 27. Rb1
Bc8 28. Nd1 Bh3 29. Ne3 Rb8 30. Rc1 Rb4 31. Nc2 Rxa4 32. Qg5 Rc4 33. Qh5 Qd7
34. Qd1 Qg4 35. Ne3 Qxd1+ 36. Rxd1 Rxd4 37. Rxd4 Nxd4 38. Nxd5 a5 39. Nc3 Nf3+
40. Kh1 Nd2 41. Kg1 Bd7 42. f4 exf3 43. Kf2 Bc6 44. Ke3 Nf1+ 45. Kd4 Nxh2 46.
Nd1 Ng4 47. Kc5 f2 48. Nxf2 Nxf2 49. Kc4 a4 50. Kb4 Ne4 51. g4 Nf6 0-1

[Event "Sydney International Challengers"]
[Site "Parramatta, NSW"]
[Date "2009.04.15"]
[Round "1.7"]
[White "Yuen, Jonathan"]
[Black "Christensen, Joshua"]
[Result "1-0"]
[WhiteElo "1371"]
[BlackElo "1882"]
[PlyCount "79"]
[EventDate "2009.04.15"]
[EventType "swiss"]
[EventRounds "9"]
[EventCountry "AUS"]
[SourceDate "2009.04.15"]

1. e4 e5 2. Nf3 d6 3. d4 Nd7 4. Bc4 Be7 5. dxe5 Nxe5 6. Nxe5 dxe5 7. Qh5 g6 8.
Qxe5 Nf6 9. Bg5 O-O 10. Nc3 Qd6 11. Qxd6 cxd6 12. O-O-O Be6 13. Bb3 Rac8 14.
Bxf6 Bxf6 15. Rxd6 Bxc3 16. bxc3 Rxc3 17. Kb2 Rc7 18. Rhd1 Bxb3 19. axb3 Kg7
20. Rd7 Rfc8 21. c4 Kf8 22. f4 h5 23. R1d5 Ke8 24. Rxc7 Rxc7 25. Kc3 Rc6 26. b4
Ke7 27. Rb5 b6 28. Kd4 Rd6+ 29. Rd5 a5 30. c5 bxc5+ 31. Kxc5 Rf6 32. bxa5 Rxf4
33. a6 Rxe4 34. Rd4 Re2 35. Ra4 Rc2+ 36. Kb6 Rb2+ 37. Ka5 Rd2 38. a7 Rd5+ 39.
Kb6 Rd6+ 40. Kc5 1-0

[Event "Sydney International Challengers"]
[Site "Parramatta, NSW"]
[Date "2009.04.15"]
[Round "1.8"]
[White "Shaw, Robin"]
[Black "Beahan, Patrick"]
[Result "1-0"]
[WhiteElo "1853"]
[BlackElo "1349"]
[PlyCount "43"]
[EventDate "2009.04.15"]
[EventType "swiss"]
[EventRounds "9"]
[EventCountry "AUS"]
[SourceDate "2009.04.15"]

1. e4 e5 2. Nf3 Nc6 3. d4 exd4 4. c3 Nf6 5. e5 Ng4 6. cxd4 Bb4+ 7. Nc3 d6 8. h3
Nh6 9. Bg5 Qd7 10. Bb5 d5 11. a3 Be7 12. Bxe7 Kxe7 13. Qd2 Re8 14. O-O-O a6 15.
Ba4 b5 16. Bb3 Kf8 17. Nxd5 Bb7 18. Nf6 Qd8 19. Ng5 gxf6 20. Nxh7+ Kg7 21.
exf6+ Kxh7 22. Bc2+ 1-0

[Event "Sydney International Challengers"]
[Site "Parramatta, NSW"]
[Date "2009.04.15"]
[Round "1.9"]
[White "Talisayon, Samuel"]
[Black "Bleicher, Horst"]
[Result "0-1"]
[WhiteElo "1192"]
[BlackElo "1822"]
[PlyCount "84"]
[EventDate "2009.04.15"]
[EventType "swiss"]
[EventRounds "9"]
[EventCountry "AUS"]
[SourceDate "2009.04.15"]

1. e4 e5 2. Nf3 Nc6 3. c3 d5 4. Qe2 Nf6 5. d3 Bd6 6. h3 Be6 7. b4 a6 8. g3 O-O
9. Bg5 d4 10. a3 dxc3 11. Nxc3 Nd4 12. Nxd4 exd4 13. Nd1 Be7 14. Bf4 Nd7 15.
Bg2 Re8 16. Rc1 c6 17. O-O Bg5 18. Bxg5 Qxg5 19. Nb2 Qh6 20. Kh2 f5 21. Nc4
Bxc4 22. dxc4 Rad8 23. f3 Ne5 24. c5 d3 25. Qa2+ Kh8 26. exf5 Rd7 27. a4 Red8
28. Rcd1 Rd4 29. b5 Nc4 30. Rfe1 d2 31. Re6 Qh5 32. g4 Qf7 33. Qb3 Qc7+ 34. Kg1
Qf4 35. bxc6 bxc6 36. Re4 Rxe4 37. fxe4 Qe3+ 38. Qxe3 Nxe3 39. Bf3 Nxd1 40.
Bxd1 Rd4 41. Kf2 Rxe4 42. Bf3 Re1 0-1

[Event "Sydney International Challengers"]
[Site "Parramatta, NSW"]
[Date "2009.04.15"]
[Round "1.10"]
[White "Tenorio, Leonardo"]
[Black "McCook, Jake"]
[Result "1-0"]
[WhiteElo "1812"]
[BlackElo "1188"]
[PlyCount "43"]
[EventDate "2009.04.15"]
[EventType "swiss"]
[EventRounds "9"]
[EventCountry "AUS"]
[SourceDate "2009.04.15"]

1. e4 c6 2. d4 d5 3. exd5 cxd5 4. c4 Nf6 5. h3 Bf5 6. Nc3 e6 7. c5 Nc6 8. a3
Qa5 9. Be3 Ne4 10. Nge2 Be7 11. b4 Nxc3 12. Nxc3 Qc7 13. Qf3 O-O 14. Nxd5 exd5
15. Qxf5 Bf6 16. Bd3 Rfe8 17. Qxh7+ Kf8 18. O-O Nxd4 19. Bxd4 Bxd4 20. Qh8+ Ke7
21. Rae1+ Kd7 22. Bb5+ 1-0